| 000 | 00581nam a22002057a 4500 | ||
|---|---|---|---|
| 005 | 20220803163523.0 | ||
| 008 | 220803b ||||| |||| 00| 0 eng d | ||
| 040 | _cAL | ||
| 041 | _aEnglish | ||
| 082 |
_223 _a331.89 _bFERR |
||
| 100 |
_aGeorge Fernandes _954738 |
||
| 245 | _aRail Strike of 1974 and the Railwaymens Movement | ||
| 260 |
_aBombay _bSindhu Publications _c1984 |
||
| 300 |
_a104 p. _bPB _c21.2x14 cm. |
||
| 365 |
_b₹15.00 _c₹ _d₹15.00 |
||
| 650 |
_aRaiway _954739 |
||
| 650 |
_aStrike 1974 _954740 |
||
| 700 |
_aFERNANDES (George) _954741 |
||
| 942 |
_2ddc _cGF |
||
| 999 |
_c224438 _d224438 |
||